| 000 | 00797nam a2200241 a 4500 | ||
|---|---|---|---|
| 001 | 000027955 | ||
| 003 | DO-SdBNP | ||
| 005 | 20240314073718.0 | ||
| 007 | ta | ||
| 008 | 110406s2007 dr ac 000 0 spa d | ||
| 040 |
_aDO-SdBNP _bspa _cBNPHU |
||
| 082 | 4 |
_a923.27293 _bD812i, 2007 _222 |
|
| 100 | 1 |
_aDuarte, Juan Pablo, _d1813-1876 _91494 |
|
| 245 | 0 | 0 |
_aIdeario de Duarte / _cCompilado por Vetilio Alfau Durán. |
| 250 | _a21a. ed. | ||
| 260 |
_aSanto Domingo : _bInstituto Duartiano, _c2007. |
||
| 300 |
_a57 p. : _bil., retr. ; _c15 cm. |
||
| 500 | _aIncluye referencias bibliográficas y notas al pie de las páginas | ||
| 590 | _aInventariado, 2019/BT | ||
| 700 | 1 |
_aAlfau Durán, Vetilio, _d1909-1985 _ecomp. _910091 |
|
| 910 | _aValidado. Control de calidad MFF | ||
| 942 |
_2ddc _cLBS1 |
||
| 999 |
_c27447 _d27447 |
||